[Event "VIE-ch U11"]
[Site "Ho Chi Minh City"]
[Date "2014.07.17"]
[Round "7"]
[White "Huynh, Anh Khoa"]
[Black "Tran, Cam Toan"]
[Result "1-0"]
[WhiteElo "1965"]
[BlackElo "1917"]
[PlyCount "81"]
[EventDate "2014.07.13"]
[EventType "swiss"]
[EventRounds "9"]
[EventCountry "VIE"]
[SourceTitle "EXT 2016"]
[Source "ChessBase"]
[SourceDate "2015.10.08"]
[SourceVersion "1"]
[SourceVersionDate "2015.10.08"]
[SourceQuality "1"]

1. e4 e6 2. d4 d5 3. e5 c5 4. c3 Qb6 5. Nf3 Nc6 6. Be2 Nh6 7. 0-0 Nf5 8. Bd3 cxd4 9. Bxf5 dxc3 10. Nxc3 exf5 11. Nxd5 Qd8 12. Bg5 Qa5 13. a3 Be6 14. Nf4 Bc4 15. Re1 h6 16. Bf6 Qb6 17. Nd5 Bxd5 18. Qxd5 Bc5 19. Bxg7 Rh7 20. Bf6 Bxf2+ 21. Kh1 Bxe1 22. Rxe1 Qc7 23. e6 Kf8 24. e7+ Nxe7 25. Bxe7+ Kg8 26. Qxf5 Re8 27. Bf6 Rxe1+ 28. Nxe1 Qc4 29. h3 Qe6 30. Qxe6 fxe6 31. Bc3 Re7 32. Nf3 Kf7 33. Ne5+ Ke8 34. g4 Kd8 35. Kg2 Kc7 36. Kg3 Kb6 37. Kh4 Kb5 38. Kh5 Ka4 39. Kxh6 a5 40. Nd3 b5 41. Nc5# 1-0

[Event "VIE-ch U11"]
[Site "Ho Chi Minh City"]
[Date "2014.07.16"]
[Round "6"]
[White "Tran, Cam Toan"]
[Black "Nguyen, Huu Luu Khiem"]
[Result "1/2-1/2"]
[WhiteElo "1917"]
[BlackElo "1967"]
[PlyCount "71"]
[EventDate "2014.07.13"]
[EventType "swiss"]
[EventRounds "9"]
[EventCountry "VIE"]
[SourceTitle "EXT 2016"]
[Source "ChessBase"]
[SourceDate "2015.10.08"]
[SourceVersion "1"]
[SourceVersionDate "2015.10.08"]
[SourceQuality "1"]

1. d4 d5 2. Nf3 e6 3. e3 Bd6 4. Bd3 c6 5. b3 Nd7 6. Bb2 f5 7. Nbd2 Ngf6 8. c4 0-0 9. 0-0 Ne4 10. Rc1 Rf6 11. Bb1 Rh6 12. cxd5 exd5 13. h3 Qf6 14. Nxe4 fxe4 15. Nd2 Qg5 16. f4 Qg3 17. Kh1 Nb6 18. Qe1 Qg6 19. Nf3 Qh5 20. Ng5 Rg6 21. Qf2 Bf5 22. Bc2 h6 23. Bd1 Rxg5 24. fxg5 Qxg5 25. Qxf5 Qg3 26. Kg1 Qh2+ 27. Kf2 Rf8 28. Qxf8+ Bxf8 29. Bg4 Bd6 30. Rg1 Qg3+ 31. Ke2 Qh4 32. Rcf1 Qe7 33. Rf2 Ba3 34. Bc3 Nd7 35. Bxd7 Qxd7 36. b4 1/2-1/2

[Event "VIE-ch U11"]
[Site "Ho Chi Minh City"]
[Date "2014.07.13"]
[Round "2"]
[White "Tran, Cam Toan"]
[Black "Bui, Nhat Quang"]
[Result "1/2-1/2"]
[WhiteElo "1917"]
[BlackElo "1441"]
[PlyCount "34"]
[EventDate "2014.07.13"]
[EventType "swiss"]
[EventRounds "9"]
[EventCountry "VIE"]
[SourceTitle "EXT 2016"]
[Source "ChessBase"]
[SourceDate "2015.10.08"]
[SourceVersion "1"]
[SourceVersionDate "2015.10.08"]
[SourceQuality "1"]

1. d4 d5 2. e3 e6 3. Bd3 Nf6 4. b3 Be7 5. Nf3 0-0 6. 0-0 c5 7. Bb2 Nc6 8. Nbd2 b6 9. c4 Bb7 10. Rc1 Rc8 11. Bb1 Re8 12. Ne5 Bd6 13. f4 cxd4 14. exd4 Bxe5 15. fxe5 Nd7 16. Qf3 Rf8 17. Ba3 Ba6 1/2-1/2